Normal view
MARC view
- Tindifa, Sam,
Entry Personal Name
001 - CONTROL NUMBER
- control field: 9387
003 - CONTROL NUMBER IDENTIFIER
- control field: OSt
005 - DATE AND TIME OF LATEST TRANSACTION
- control field: 20210520124614.0
008 - FIXED-LENGTH DATA ELEMENTS
- fixed length control field: 210520|| aca||aabn | a|a d
040 ## - CATALOGING SOURCE
- Original cataloging agency: OSt
- Transcribing agency: OSt
100 ## - HEADING--PERSONAL NAME
- Personal name: Tindifa, Sam,
670 ## - SOURCE DATA FOUND
- Source citation: Work cat.: (OSt)0: Public Accountability and Good Governance in East Africa /, c2009.